Lymfedém : diagnostika a léčba : výukový materiál České lymfologické společnosti ČLS JEP

Saved in:
Bibliographic Details
Main Authors Eliška, Oldřich, 1934-2021 (Author), Navrátilová, Zuzana (Author), Wald, Milan (Author), Benda, Karel, 1936-2016 (Author), Bendová, Marcela, 1943- (Author), Cagášková, Jarmila (Author), Houdová, Hana (Author), Kubinyi, Jozef, 1955- (Author), Pavlasová, Věra (Author), Slonková, Veronika, 1970- (Author), Vlasák, René, 1953- (Author), Vojáčková, Naděžda, 1968- (Author)
Format Book
LanguageCzech
Published Praha : AMCA, spol. s r.o., 2018
Edition1. vydání
Subjects
ISBN978-80-88214-09-0
Physical Description171 stran : ilustrace (převážně barevné) ; 30 cm + 1 volná příloha

Cover

LEADER 00000aam a2200000 i 4500
001 115517
003 CZ-ZlUTB
005 20260429082905.0
007 ta
008 181113s2018 xr a e p 000 0 cze
015 |a cnb003056079 
020 |a 978-80-88214-09-0  |q (brožováno) 
040 |a BOA001  |b cze  |d ZLD002  |e rda 
072 7 |a 616  |x Patologie. Klinická medicína  |2 Konspekt  |9 14 
072 7 |a 37.016  |x Učební osnovy. Vyučovací předměty. Učebnice  |2 Konspekt  |9 22 
080 |a 616-005.98  |2 MRF 
080 |a 616-07  |2 MRF 
080 |a 616-08  |2 MRF 
080 |a (07)  |2 MRF 
100 1 |a Eliška, Oldřich,  |d 1934-2021  |7 jn19981000967  |4 aut 
245 1 0 |a Lymfedém :  |b diagnostika a léčba : výukový materiál České lymfologické společnosti ČLS JEP /  |c vedoucí autorského kolektivu Oldřich Eliška, Zuzana Navrátilová, Martin Wald, kolektiv autorů Karel Benda, Marcela Bendová, Jarmila Cagášková, Hana Houdová, Josef Kubinyi a kol., Věra Pavlasová, Veronika Slonková, René Vlasák, Naděžda Vojáčková 
250 |a 1. vydání 
264 1 |a Praha :  |b AMCA, spol. s r.o.,  |c 2018 
300 |a 171 stran :  |b ilustrace (převážně barevné) ;  |c 30 cm +  |e 1 volná příloha 
336 |a text  |b txt  |2 rdacontent 
337 |a bez média  |b n  |2 rdamedia 
338 |a svazek  |b nc  |2 rdacarrier 
504 |a Obsahuje bibliografie 
650 0 7 |a lymfedém  |7 ph278460  |2 czenas 
650 0 7 |a diagnostika (lékařství)  |7 ph114312  |2 czenas 
650 0 7 |a terapie  |7 ph116435  |2 czenas 
650 0 9 |a lymphedema  |2 eczenas 
650 0 9 |a medical diagnostics  |2 eczenas 
650 0 9 |a therapy  |2 eczenas 
655 7 |a učební texty  |7 fd133599  |2 czenas 
655 9 |a educational texts  |2 eczenas 
700 1 |a Navrátilová, Zuzana  |7 xx0079492  |4 aut 
700 1 |a Wald, Milan  |7 jx20110824024  |4 aut 
700 1 |a Benda, Karel,  |d 1936-2016  |7 jk01011532  |4 aut 
700 1 |a Bendová, Marcela,  |d 1943-  |7 xx0060264  |4 aut 
700 1 |a Cagášková, Jarmila  |7 mzk20181015840  |4 aut 
700 1 |a Houdová, Hana  |7 xx0077716  |4 aut 
700 1 |a Kubinyi, Jozef,  |d 1955-  |7 mzk2007423885  |4 aut 
700 1 |a Pavlasová, Věra  |7 xx0093136  |4 aut 
700 1 |a Slonková, Veronika,  |d 1970-  |7 xx0139293  |4 aut 
700 1 |a Vlasák, René,  |d 1953-  |7 pna2009505189  |4 aut 
700 1 |a Vojáčková, Naděžda,  |d 1968-  |7 xx0105362  |4 aut 
710 2 |a Česká lymfologická společnost  |7 kn20061121012  |4 isb 
910 |a ZLD002 
942 |2 udc 
952 |0 0  |1 0  |4 0  |5 0  |6 616ELIŠKAO  |7 0  |8 BOOK  |9 190840  |a UTBZL  |b UTBZL  |c 005  |d 2026-04-23  |h + 1 příl.  |l 0  |o 616/ELIŠKA,O.  |p 420010201972  |r 2026-04-23 14:17:01  |v 780.00  |w 2026-04-23  |x N:nákup  |y 01 
952 |0 0  |1 0  |4 0  |5 0  |6 616ELIŠKAO  |7 0  |8 BOOK  |9 190841  |a UTBZL  |b UTBZL  |c 006  |d 2026-04-23  |h + 1 příl.  |l 0  |o 616/ELIŠKA,O.  |p 420010201973  |r 2026-04-23 14:17:40  |v 780.00  |w 2026-04-23  |x N:nákup  |y 04 
992 |a BK  |b SK 
999 |c 115517  |d 115517